| 000 | 02062cam a2200373 a 4500 | ||
|---|---|---|---|
| 999 |
_c671 _d671 |
||
| 001 | 2012842 | ||
| 003 | OSt | ||
| 005 | 20191014120012.0 | ||
| 008 | 161009r20142011enkabh e b 001 0 eng | ||
| 020 |
_a9780099590088 _q(pbk.) : |
||
| 020 |
_a0099590085 _q(pbk.) |
||
| 040 |
_aAU@ _beng _erda _cAU@ _dOCLCO _dYDXCP _dCUD _dIVV _dOCLCF _dOCLCO _dSINLB _dOCLCO _dP4A _dTKU |
||
| 041 | 1 |
_aeng _hheb |
|
| 042 | _anbic | ||
| 082 | _a909 HAR | ||
| 100 | 1 |
_aHarari, Yuval N. _eauthor |
|
| 245 | 1 | 0 |
_aSapiens : _ba brief history of mankind / _cYuval Noah Harari ; translated by the author, with the help of John Purcell and Haim Watzman. |
| 260 |
_aLondon : _bVintage Books, _c2014. |
||
| 300 |
_ax, 498 p. : _bill., maps, facsimiles ; _c20 cm. |
||
| 500 | _aFirst published by Harvill Secker in 2014--Title page verso. | ||
| 500 | _aFirst published in Hebrew in Israel in 2011 by Kinneret, Zmora-Bitan, Dvir - title verso. | ||
| 504 | _aIncludes bibliographical references (p. 467-480) and index. | ||
| 505 | 0 | _aPart 1: The cognitive revolution. An animal of no significance ; The tree of knowledge ; A day in the life of Adam and Eve ; The flood -- Part 2: The agricultural revolution. History's biggest fraud ; Building pyramids ; Memory overload ; There is no justice in history -- Part 3 : The unification of humankind. The arrow of history ; The scent of money ; Imperial visions ; The law of religion ; The secret of success -- Part 4: The scientific revolution. The discovery of ignorance ; The marriage of science and empire ; The capitalist creed ; The wheels of industry ; A permanent revolution ; And they lived happily ever after ; The end of Homo sapiens -- Afterword: The animal that became a god. | |
| 546 | _aTranslated from the Hebrew. | ||
| 650 | 0 | _aChronology, Historical. | |
| 650 | 0 |
_aCivilization _xHistory. |
|
| 650 | 0 | _aCognition and culture. | |
| 650 | 0 |
_aHuman beings _xHistory. |
|
| 650 | 0 |
_aTechnology and civilization _xHistory. |
|
| 650 | 0 | _aWorld history. | |
| 700 | 1 | _aPurcell, John. | |
| 700 | 1 | _aWatzman, Haim. | |
| 942 |
_2ddc _cNFIC |
||